Click to translate Hindi - Statistics

General Stats
  • This quiz has been taken 96 times
  • The average score is 11 of 15
Answer Stats
Hint Answer % Correct
tea chai
97%
shampoo chāmpo
94%
bungalow baṅglā
92%
jungle jaṅgal
91%
bread rōṭī
85%
baby baccā
81%
cow gāya
74%
cot khāṭ
74%
shawl śāl
74%
woman mahilā
72%
moon cānda
71%
poetry kavita
68%
sugar cīnī
65%
lake jheel
55%
hair kēśa
55%
No matching quizzes found
Score Distribution
Percent of People with Each Score
Percentile by Number Answered
Your Score History
You have not taken this quiz